00455nam a2200157Ia 450000500170000000800410001708200130005810000160007124500330008726000340012030000130015465000100016794200060017795200990018399900150028220250508022843.0240331s9999 xx 000 0 und d bRAMa894 aRamanan, A 0aThodach chollum thodu vaanam aChennaibVettri Achagamc1986 a208 p ., aNovel cL 001040708LaWERCLbWERCLcSSCd2024-03-31l0o 894.811 RAMp5710r2024-03-31w2024-03-31yL c4296d4296